The consolidation of fragmented agricultural holdings : (Record no. 52339)
[ view plain ]
| 000 -LEADER | |
|---|---|
| fixed length control field | 00852nam a2200241 a 4500 |
| 001 - CONTROL NUMBER | |
| control field | 52339 |
| 003 - CONTROL NUMBER IDENTIFIER | |
| rucl marc code | BD-RjUL |
| 005 - DATE AND TIME OF LATEST TRANSACTION | |
| control field | 20211209075805.0 |
| 008 - FIXED-LENGTH DATA ELEMENTS--GENERAL INFORMATION | |
| fixed length control field | 160919r19531950u 000 0 eng |
| 035 ## - SYSTEM CONTROL NUMBER | |
| System control number | (BD-RjUL)52459 |
| System control number | (OCoLC)16760623 |
| 040 ## - CATALOGING SOURCE | |
| Original cataloging agency | DLC |
| Transcribing agency | OrPS |
| Modifying agency | OCoLC |
| -- | DLC |
| Language of cataloging | eng |
| 041 ## - LANGUAGE CODE | |
| Language code of text/sound track or separate title | eng |
| 082 ## - DEWEY DECIMAL CLASSIFICATION NUMBER | |
| Edition number | 23 |
| Classification number | 338.12 |
| Author mark and year | BIC 1953 |
| 100 1# - MAIN ENTRY--PERSONAL NAME | |
| Personal name | Binns, Bernard O. |
| Fuller form of name | (Bernard Ottwell), |
| Dates associated with a name | 1898-1953. |
| 9 (RLIN) | 156625 |
| 245 14 - TITLE STATEMENT | |
| Title | The consolidation of fragmented agricultural holdings : |
| Remainder of title | an FAO study / |
| Statement of responsibility, etc. | Bernard O. Binns |
| 260 ## - PUBLICATION, DISTRIBUTION, ETC. (IMPRINT) | |
| Place of publication, distribution, etc. | Washington : |
| Name of publisher, distributor, etc. | Food and Agriculture Organization of the United Nations. |
| Date of publication, distribution, etc. | 1953 |
| 300 ## - PHYSICAL DESCRIPTION | |
| Pagination | iii, 99 p. : |
| Illustrations | ill. ; |
| Size | 24 cm |
| 490 ## - SERIES STATEMENT | |
| Series statement | FAO agricultural studies |
| Volume/sequential designation | no. 11. |
| 650 #0 - SUBJECT ADDED ENTRY--TOPICAL TERM | |
| Topical term or geographic name as entry element | Consolidation of land holdings. |
| 9 (RLIN) | 156626 |
| 830 #0 - SERIES ADDED ENTRY--UNIFORM TITLE | |
| Uniform title | FAO agricultural studies ; |
| Volume number/sequential designation | no. 11. |
| 942 ## - ADDED ENTRY ELEMENTS (KOHA) | |
| Source of classification or shelving scheme | Dewey Decimal Classification |
| Koha item type | Books |
| Lost status | Source of classification or shelving scheme | Damaged status | Not for loan | Collection code | Permanent Location | Current Location | Shelving location | Date acquired | Source of acquisition | Cost, normal purchase price | Total Checkouts | Full call number | Date last seen | Copy number | Koha item type |
|---|---|---|---|---|---|---|---|---|---|---|---|---|---|---|---|
| Dewey Decimal Classification | Non-fiction | Central Library, University of Rajshahi | Central Library, University of Rajshahi | 11/05/1964 | 81.00 | 0.00 | 338.1 BIC 1953 | 19/09/2016 | C-2 | Books |